| 000 | 00744nam a2200265 a 4500 | ||
|---|---|---|---|
| 001 | 000114415 | ||
| 003 | CHAP | ||
| 005 | 20220329144440.0 | ||
| 008 | 180123s1955 mx |r| ||||||spa d | ||
| 010 | _a110876 | ||
| 011 | _a111848 | ||
| 040 | _cCHAP | ||
| 082 | 0 | 4 |
_a813.3 _bP74 |
| 100 | 0 | 0 |
_aPoe, Edgar Allan. _989484 |
| 245 | 1 | 0 |
_aNarraciones extraordinarias / _cpor Edgar Allan Poe. |
| 260 |
_aMéxico, D.F. : _bEditorial Azteca, _c1955. |
||
| 300 | _a319 p. | ||
| 590 |
_aBATCH-UPD _b05 _c20180123 _lUCH01 _h0937 |
||
| 590 |
_aE5765TAJ _b05 _c20180123 _lUCH01 _h0936 |
||
| 650 | 1 | 4 |
_aNarrativa estadounidense _ySigo XIX. _9134446 |
| 650 | 1 | 4 |
_aNovela estadounidense _ySiglo XIX. _9134447 |
| 901 | _aBK | ||
| 942 | _cLIBRO | ||
| 942 | _n0 | ||
| 999 |
_c110876 _d110876 |
||